A fenntarthatóság perspektívái a Kárpát-medencében multidiszciplináris vizsgálatok
Elmentve itt :
| További közreműködők: | |
|---|---|
| Adatforrás: | Philobibl |
| Dokumentumtípus: | Könyv |
| Nyelv: | magyar |
| Kulcsszavak: | fenntartható fejlődés Kárpát-medence multikulturalizmus nemzeti tudat |
| Megjelent: |
Veszprém
Humán Tudományokért Alapítvány
2016
|
| Sorozat: | Magyarságtudományi kutatások
5. |
| LEADER | 00601nam a2200169 c 4500 | ||
|---|---|---|---|
| 001 | bibJAT00954496 | ||
| 005 | 20220721154501.1 | ||
| 008 | 160804s2016 hu a b 00000 hun d | ||
| 245 | 0 | 2 | |a A fenntarthatóság perspektívái a Kárpát-medencében |b multidiszciplináris vizsgálatok |c szerk. Garaczi Imre |
| 260 | |a Veszprém |b Humán Tudományokért Alapítvány |c 2016 | ||
| 300 | |a 442 p. |b ill. |c 24 cm | ||
| 490 | 0 | |a Magyarságtudományi kutatások |x 2062-1124 |v 5. | |
| 695 | |a fenntartható fejlődés | ||
| 695 | |a Kárpát-medence | ||
| 695 | |a multikulturalizmus | ||
| 695 | |a nemzeti tudat | ||
| 700 | 1 | |a Garaczi Imre | |